000 00397nam a22001697a 4500
005 20180203155842.0
008 160630b xxu||||| |||| 00| 0 eng d
020 _a978-81-89757-70-0
041 _aeng
082 _b19440
100 _aJha, S K
_93247
245 _aProgramming In C
260 _bS.K. Kataria & Sons
_c2009
300 _a520
650 _aDiploma Engineering
_9817
942 _cBK
999 _c4852
_d4850